Equipes vainqueurs du Super Bowl - Statistiques

Statistiques générales
  • Ce quiz a été pris 175 fois
    79 depuis la dernière actualisation
  • Le résultat moyen est 46 sur 59
Statistiques - réponses
Année Equipes % Correct
2023 Chiefs
98%
2022 Chiefs
98%
2019 Chiefs
98%
1969 Chiefs
98%
2024 Eagles
96%
2017 Eagles
96%
2018 Patriots
95%
2016 Patriots
95%
2014 Patriots
95%
2004 Patriots
95%
2003 Patriots
95%
2001 Patriots
95%
2021 Rams
95%
1999 Rams
95%
1994 49ers
85%
1989 49ers
85%
1988 49ers
85%
1984 49ers
85%
1981 49ers
85%
2015 Broncos
80%
1998 Broncos
80%
1997 Broncos
80%
2020 Buccaneers
80%
2002 Buccaneers
80%
2010 Packers
78%
1996 Packers
78%
1967 Packers
78%
1966 Packers
78%
1968 Jets
76%
2012 Ravens
76%
2000 Ravens
76%
2013 Seahawks
75%
1995 Cowboys
73%
1993 Cowboys
73%
1992 Cowboys
73%
1977 Cowboys
73%
1971 Cowboys
73%
2011 Giants
73%
2007 Giants
73%
1990 Giants
73%
1986 Giants
73%
2008 Steelers
73%
2005 Steelers
73%
1979 Steelers
73%
1978 Steelers
73%
1975 Steelers
73%
1974 Steelers
73%
2009 Saints
69%
1973 Dolphins
67%
1972 Dolphins
67%
1983 Raiders
65%
1980 Raiders
65%
1976 Raiders
65%
1985 Bears
60%
2006 Colts
56%
1970 Colts
56%
1991 Commanders
55%
1987 Commanders
55%
1982 Commanders
55%
Aucun quiz correspondant
Distribution des résultats
% des personnes avec chaque résultat
Percentile par nombre de réponses
Votre historique - résultats
Vous n’avez pas pris ce quiz depuis la dernière actualisation